Statistics for World Capitals Quiz Extended

Click here to take the quiz!

General Stats

  • This quiz has been taken 70 times
  • The average score is 173 of 250

Answers on the Map

Answers color-coded by a green-red scale on the quiz's map according to % correct below.
 

Answer Stats

CountryCapitallatitudelongitudeJP% Correct
United KingdomLondon51.50853-0.125741
93%
IrelandDublin53.33306-6.248891
91%
United StatesWashington D.C.38.89511-77.036371
91%
EthiopiaAddis Ababa9.0249738.746891
89%
ChinaBeijing39.9075116.397231
89%
BrazilBrasília-15.77972-47.929721
89%
ArgentinaBuenos Aires-34.61315-58.377231
89%
SpainMadrid40.4165-3.702561
89%
RussiaMoscow55.7522237.615561
89%
CanadaOttawa45.41117-75.698121
89%
North KoreaPyongyang39.03385125.754321
89%
South KoreaSeoul37.566126.97841
89%
JapanTokyo35.6895139.691711
89%
AlgeriaAlgiers36.732253.087461
87%
NetherlandsAmsterdam52.374034.889691
87%
AndorraAndorra la Vella42.507791.521091
87%
GermanyBerlin52.5243713.410531
87%
SwitzerlandBern46.948097.447441
87%
EgyptCairo30.0626331.249671
87%
AustraliaCanberra-35.28346149.128071
87%
South AfricaCape Town-33.9258418.423221
87%
Sri LankaColombo6.9319479.847781
87%
DenmarkCopenhagen55.6759412.565531
87%
Cayman IslandsGeorge Town19.2866-81.374360
87%
GuyanaGeorgetown6.80448-58.155271
87%
CubaHavana23.13302-82.383041
87%
IsraelJerusalem31.7690435.216331
87%
UkraineKiev50.4546630.52381
87%
PeruLima-12.04318-77.028241
87%
LuxembourgLuxembourg49.611676.131
87%
IndiaNew Delhi28.6357677.224451
87%
NorwayOslo59.9127310.746091
87%
FranceParis48.853412.34881
87%
MoroccoRabat34.01325-6.832551
87%
IcelandReykjavík64.13548-21.895411
87%
BulgariaSofia42.6975123.324151
87%
TunisiaTunis36.8189710.165791
87%
MongoliaUlaanbaatar47.90771106.883241
87%
LithuaniaVilnius54.6891625.27981
87%
PolandWarsaw52.2297721.011781
87%
ParaguayAsunción-25.28646-57.6471
85%
GreeceAthens37.9794523.716221
85%
IraqBaghdad33.3405844.400881
85%
ThailandBangkok13.75398100.501441
85%
ColombiaBogotá4.60971-74.081751
85%
BelgiumBrussels50.850454.348781
85%
RomaniaBucharest44.4322526.106261
85%
HungaryBudapest47.4980119.039911
85%
VenezuelaCaracas10.48801-66.879191
85%
VietnamHanoi21.0245105.841171
85%
FinlandHelsinki60.1695224.935451
85%
PakistanIslamabad33.7214873.043291
85%
AfghanistanKabul34.5281369.172331
85%
KuwaitKuwait City29.3697247.978331
85%
BoliviaLa Paz-16.5-68.151
85%
PortugalLisbon38.71667-9.133331
85%
PhilippinesManila14.6042120.98221
85%
MexicoMexico City19.42847-99.127661
85%
BelarusMinsk53.927.566671
85%
MonacoMonaco43.733337.416671
85%
UruguayMontevideo-34.90328-56.188161
85%
Czech RepublicPrague50.0880414.420761
85%
South AfricaPretoria-25.7448628.187831
85%
LatviaRiga56.94624.105891
85%
Saudi ArabiaRiyadh24.6877346.721851
85%
ItalyRome41.8919312.511331
85%
San MarinoSan Marino43.9366712.446391
85%
ChileSantiago-33.45694-70.648271
85%
SingaporeSingapore1.28967103.850071
85%
SwedenStockholm59.3325818.06491
85%
Vatican CityVatican City41.9026812.454141
85%
AustriaVienna48.2084916.372081
85%
New ZealandWellington-41.28664174.775571
85%
United Arab EmiratesAbu Dhabi24.4666754.366671
83%
TurkeyAnkara39.9198732.854271
83%
DjiboutiDjibouti11.5890143.145031
83%
GuatemalaGuatemala City14.64072-90.513271
83%
IndonesiaJakarta-6.21462106.845131
83%
AngolaLuanda-8.8368213.234321
83%
KenyaNairobi-1.2833336.816671
83%
PanamaPanama City8.9936-79.519731
83%
EcuadorQuito-0.22985-78.524951
83%
Costa RicaSan José9.93333-84.083331
83%
TaiwanTaipei25.04776121.531851
83%
EstoniaTallinn59.4369624.753531
83%
IranTehran35.6943951.421511
83%
AlbaniaTirana41.327519.818891
83%
LibyaTripoli32.8751913.187461
83%
LebanonBeirut33.8933235.501571
80%
Guinea-BissauBissau11.86357-15.597671
80%
SlovakiaBratislava48.1481617.106741
80%
Republic of the CongoBrazzaville-4.2661315.283181
80%
GuineaConakry9.53795-13.677291
80%
BangladeshDhaka23.710490.407441
80%
JamaicaKingston17.99702-76.793581
80%
Norfolk IslandKingston-29.05459167.966280
80%
Saint Vincent and the GrenadinesKingstown13.15527-61.227421
80%
Democratic Republic of the CongoKinshasa-4.3275815.313571
80%
MalaysiaKuala Lumpur3.1412101.686531
80%
LiberiaMonrovia6.30054-10.79691
80%
CyprusNicosia35.1753133.36421
80%
HaitiPort-au-Prince18.54349-72.338811
80%
El SalvadorSan Salvador13.68935-89.187181
80%
Bosnia and HerzegovinaSarajevo43.8486418.356441
80%
GeorgiaTbilisi41.6941144.833681
80%
MaltaValletta35.8997214.514721
80%
KazakhstanAstana51.180171.445981
78%
AzerbaijanBaku40.3776749.892011
78%
SenegalDakar14.6937-17.444061
78%
SyriaDamascus33.510236.291281
78%
QatarDoha25.2854551.530961
78%
Sierra LeoneFreetown8.48714-13.23561
78%
ZimbabweHarare-17.8277231.053371
78%
UgandaKampala0.3162832.582191
78%
SudanKhartoum15.5517732.532411
78%
NicaraguaManagua12.13282-86.25041
78%
SomaliaMogadishu2.0371145.343751
78%
OmanMuscat23.5841358.407781
78%
BahamasNassau25.05823-77.343061
78%
SurinameParamaribo5.86638-55.166821
78%
CambodiaPhnom Penh11.56245104.916011
78%
Trinidad and TobagoPort-of-Spain10.66668-61.518891
78%
KosovoPristina42.6727221.166881
78%
YemenSana'a15.3547244.206671
78%
BoliviaSucre-19.03332-65.262741
78%
UzbekistanTashkent41.2646569.216271
78%
CroatiaZagreb45.8144415.977981
78%
GhanaAccra5.55602-0.19691
76%
JordanAmman31.9552235.945031
76%
Central African RepublicBangui4.3612218.554961
76%
BelizeBelmopan17.25-88.766671
76%
MoldovaChișinău47.0055628.85751
76%
Hong KongHong Kong22.27832114.174690
76%
South SudanJuba4.8516531.582471
76%
NepalKathmandu27.7016985.32061
76%
SloveniaLjubljana46.0510814.505131
76%
MozambiqueMaputo-25.9655332.583221
76%
Burkina FasoOuagadougou12.36566-1.533881
76%
Cape VerdePraia14.93152-23.512541
76%
Dominican RepublicSanto Domingo18.47186-69.892321
76%
HondurasTegucigalpa14.0818-87.206811
76%
LiechtensteinVaduz47.141519.521541
76%
NamibiaWindhoek-22.5594117.083231
76%
NigeriaAbuja9.057857.495081
74%
MadagascarAntananarivo-18.9136847.536131
74%
MaliBamako12.65-81
74%
GambiaBanjul13.45274-16.578031
74%
SerbiaBelgrade44.8040120.465131
74%
KyrgyzstanBishkek42.8774.591
74%
BurundiBujumbura-3.382229.36441
74%
RwandaKigali-1.9499530.058851
74%
TogoLomé6.128741.221541
74%
MaldivesMalé4.1752173.509161
74%
BahrainManama26.2278750.585651
74%
ChadN'Djamena12.1067215.04441
74%
NigerNiamey13.513662.10981
74%
Papua New GuineaPort Moresby-9.47723147.150891
74%
MacedoniaSkopje41.9964621.431411
74%
LaosVientiane17.96667102.61
74%
CameroonYaoundé3.8666711.516671
74%
TurkmenistanAshgabat37.9558.383331
72%
EritreaAsmara15.3380538.931841
72%
South AfricaBloemfontein-29.1210726.2141
72%
TanzaniaDodoma-6.1722135.739471
72%
BotswanaGaborone-24.6545125.908591
72%
GibraltarGibraltar36.14474-5.352570
72%
ZambiaLusaka-15.4066928.287131
72%
MauritaniaNouakchott18.08581-15.97851
72%
GreenlandNuuk64.18347-51.721570
72%
MontenegroPodgorica42.4411119.263611
72%
MauritiusPort Louis-20.1619457.498891
72%
BeninPorto-Novo6.496462.603591
72%
São Tomé and PríncipeSão Tomé0.336546.727321
72%
BhutanThimphu27.4660989.641911
72%
ArmeniaYerevan40.1811144.513611
72%
East TimorDili-8.55861125.573611
70%
GabonLibreville0.392419.453561
70%
MalawiLilongwe-13.9669233.787251
70%
LesothoMaseru-29.3166727.483331
70%
SeychellesVictoria-4.6200155.455011
70%
BruneiBandar Seri Begawan4.89035114.940061
67%
GuadeloupeBasse-Terre15.99714-61.732140
67%
Saint Kitts and NevisBasseterre17.2955-62.724991
67%
SwazilandMbabane-26.3166731.133331
67%
ComorosMoroni-11.7021643.255061
67%
MyanmarNaypyidaw19.74596.129721
67%
Antigua and BarbudaSaint John's17.12096-61.843291
67%
FijiSuva-18.14161178.441491
67%
Ivory CoastYamoussoukro6.82055-5.276741
67%
BarbadosBridgetown13.10732-59.620211
65%
VanuatuPort Vila-17.73648168.313661
65%
DominicaRoseau15.30174-61.388081
65%
GrenadaSaint George's12.05288-61.752261
65%
Puerto RicoSan Juan18.46633-66.105720
65%
SamoaApia-13.83333-171.766661
63%
Saint LuciaCastries13.9957-61.006141
63%
TajikistanDushanbe38.5357568.779051
63%
MacaoMacau22.20056113.546110
63%
TuvaluFunafuti-8.52425179.194171
61%
Marshall IslandsMajuro7.08971171.380271
59%
Equatorial GuineaMalabo3.755788.781661
59%
PalauNgerulmud7.50077134.62381
59%
NauruYaren-0.55085166.92521
59%
Solomon IslandsHoniara-9.43333159.951
57%
KiribatiSouth Tarawa1.3278172.976961
57%
French GuianaCayenne4.93333-52.333330
54%
TongaNukuʻalofa-21.13938-175.20181
52%
Federated States of MicronesiaPalikir6.92477158.161091
52%
Isle of ManDouglas54.15-4.483330
48%
BeninCotonou6.365362.418331
46%
PalestineRamallah31.8996435.204220
41%
Falkland IslandsStanley-51.69382-57.857010
41%
American SamoaPago Pago-14.27806-170.70250
39%
French PolynesiaPapeete-17.53733-149.56650
39%
Saint Pierre and MiquelonSaint-Pierre46.77914-56.17730
37%
Faroe IslandsTórshavn62.00973-6.771640
37%
New CaledoniaNouméa-22.27407166.448840
35%
BermudaHamilton32.2949-64.783030
30%
MartiniqueFort-de-France14.60365-61.074180
28%
Svalbard and Jan MayenLongyearbyen78.2233415.646890
28%
ArubaOranjestad12.52398-70.027030
28%
JerseySaint Helier49.18804-2.104910
28%
CuraçaoWillemstad12.1084-68.933540
28%
Saint Helena, Ascension and Tristan da CunhaJamestown-15.93872-5.716750
26%
NiueAlofi-19.05451-169.917680
24%
Christmas IslandFlying Fish Cove-10.42172105.679120
24%
Åland IslandsMariehamn60.0972619.934810
24%
RéunionSaint-Denis-20.8823155.45040
24%
Northern Mariana IslandsSaipan15.21233145.75450
24%
Cook IslandsAvarua-21.2075-159.775450
22%
PitcairnAdamstown-25.06597-130.101470
20%
Western SaharaLaayoune27.1418-13.187970
20%
AnguillaThe Valley18.21704-63.057830
20%
Virgin Islands, U.S.Charlotte Amalie18.3419-64.93070
17%
South Georgia and the South Sandwich IslandsGrytviken-54.28111-36.50920
17%
GuamHagåtña13.47567144.748860
17%
MayotteMamoudzou-12.7823445.228780
17%
French Southern TerritoriesPort-aux-Français-49.3491670.219370
15%
Virgin Islands, BritishRoad Town18.42693-64.620790
15%
Turks and Caicos IslandsCockburn Town21.46122-71.141880
13%
Sint Maarten (Dutch part)Philipsburg18.026-63.045820
13%
MontserratPlymouth16.70555-62.212920
13%
Cocos (Keeling) IslandsWest Island-12.1568196.822510
13%
Saint BarthélemyGustavia17.89618-62.849780
11%
Saint Martin (French part)Marigot18.06819-63.083020
11%
AntarcticaMcMurdo Station-77.846166.6760
11%
GuernseySaint Peter Port49.45981-2.535270
11%
Wallis and FutunaMata-Utu-13.28163-176.174530
9%
TokelauAtafu-8.54212-172.515910
7%
Bonaire, Sint Eustatius and SabaKralendijk12.15-68.266670
7%

Score Distribution

Percentile by Number Answered

Percent of People with Each Score

Your Score History

You have not taken this quiz